01411nam a2200421 i 450000100060000000300090000600500170001500800410003201500180007302000150009103500230010603500360012903500140016503500200017903500170019903500230021603500440023904000340028304100080031704600090032508000150033410000370034924501080038626000360049430000450053033600270057533700540060233800280065638000160068438800140070050000350071465000300074965800130077965800340079270000460082671000190087285600980089122278KOSZ 00520210409145738.0990506s1983 pl a |000 0 pol  aUWD 1983/5891 a8307007895 a991009418079705066 a(PL-WaBN)b12550541-48omnis_nlop ab12550541 a(OCoLC)69639815 azz2005801351 a(PL)b0000001255054 a(EXLNZ-48OMNIS_NETWORK)9910036241505606 aWA NcWA NdKR UdKOSZ 005/HR0 apol k1983 a338.1(091)1 aKula, Witoldd(1916-1988)eAutor10aHistoria, zacofanie, rozwój /cWitold Kula ; [współpraca przy przygot. wyboru Łukasz Kądziela]. aWarszawa :b"Czytelnik",c1983. a323, [4] s. :b1 portr., wykr. ;c23 cm. aTekstbtxt2rdacontent aBez urządzenia pośredniczącegobn2rdamedia aWoluminbnc2rdacarrier aKsiążki a1901-2000 aStudia i eseje z l. 1941-1969. 7aHistoria gospodarcza2DBN aHistoria aGospodarka, ekonomia, finanse1 aKądziela, Łukaszd(1955-1997)eWybór2 aCzytelnik4pbl uhttp://koha.tu.koszalin.pl/cgi-bin/koha/opac-detail.pl?biblionumber=22278yKatalog online BPK